Suggestions and recommendations on the program of the I[instituo] de C[olonizacion] R[ural] in El Salvador.

Bibliographic Details
Main Author: Russell, Daniel S.
Corporate Author: United States. International Cooperation Administration
Format: Book
Language:English
Published: [San Salvador?], [publisher not identified] ; [1956?]
Subjects:

MARC

Tag First Indicator Second Indicator Subfields
LEADER 00000cam a2200000 4500
001 in00000059577
005 20151008050505.0
008 800430s1956 es 00000 eng d
035 |a (OCoLC)06265761 
035 |9 AAG1353AM 
040 |a TXA  |c TXA  |d UtOrBLW 
049 |a TXAM 
090 |a HN183.5  |b .R87 1956 
092 |a 323.354  |b R962s 
100 1 |a Russell, Daniel S. 
245 1 0 |a Suggestions and recommendations on the program of the I[instituo] de C[olonizacion] R[ural] in El Salvador. 
264 1 |a [San Salvador?],  |b [publisher not identified] ;  |c [1956?] 
300 |a 21 leaves ;  |c 28 cm. 
336 |a text  |b txt  |2 rdacontent 
337 |a unmediated  |b n  |2 rdamedia 
338 |a volume  |b nc  |2 rdacarrier 
500 |a Report of the ICA community development consultant for El Salvador. 
650 0 |a Community development  |z Salvador. 
651 0 |a El Salvador  |x Rural conditions. 
710 1 |a United States.  |b International Cooperation Administration. 
999 |a MARS 
999 f f |s 068f630f-9a41-3bb7-bc89-cc19009f3f46  |i f2475a30-863f-3d01-9d6a-59cd771ad946  |t 0 
952 f f |p ric  |a Texas A&M University  |b Rellis Campus  |c Joint Library Facility  |d Remote Storage  |t 0  |e HN183.5 .R87 1956  |h Library of Congress classification  |i unmediated -- volume  |m A14800665580 
998 f f |a HN183.5 .R87 1956  |t 0  |l Remote Storage